000 00378nam a22001697a 4500
003 UA-OsUOA
001 2670
007 ta
008 20050721b un ||||| |||| 00| 0 ukr d
100 _aWatson
700 _aJane W.
942 _cBK
040 _aUA-OsUOA
_cUA-OsUOA
_dUA-OsUOA
245 _aThe Volga, russia's river of five seas.
_bFiction
955 _a2
650 7 _2UDC
999 _c288832
_d288832